Japanese household demand for fresh fruits, 1973-2006 /
Saved in:
| 主要作者: | |
|---|---|
| 格式: | Thesis 圖書 |
| 語言: | English |
| 出版: |
2012.
|
| 主題: | |
| 標簽: |
添加標簽
沒有標簽, 成為第一個標記此記錄!
|
| LEADER | 01104cam a2200301 a 4500 | ||
|---|---|---|---|
| 001 | u855260 | ||
| 003 | SIRSI | ||
| 005 | 201204191623 | ||
| 008 | 120419s2011 ja a v 000 0 eng m | ||
| 040 | |a UMM | ||
| 043 | |a a-ja--- |a a-my--- | ||
| 090 | |a HD9256 |b J32Alia | ||
| 100 | 0 | |a Alias Abdullah. | |
| 245 | 1 | 0 | |a Japanese household demand for fresh fruits, 1973-2006 / |c Alias bin Abdullah. |
| 260 | |c 2012. | ||
| 270 | |g Alias Abdullah. Department of East Asian Studies, Faculty of Arts and Social Sciences, University of Malaya. E-Mail :dralias@um.edu.my | ||
| 300 | |a [6] v, 156 [5] leaves : |b ill. ; |c 30 cm. | ||
| 500 | |a Supervisor: Prof Dr. Hajime Kobayashi. | ||
| 502 | |a Thesis (Ph.D) -- Graduate School, Tottori University, 2011. | ||
| 504 | |a Bibliography: leaves 117-125. | ||
| 596 | |a 1 | ||
| 650 | 0 | |a Fruit trade |z Japan. | |
| 650 | 0 | |a Fruit trade |z Malaysia. | |
| 650 | 0 | |a Fruit |x Prices |z Japan. | |
| 650 | 0 | |a Tropical fruit |z Japan. | |
| 710 | 2 | 0 | |a Tottori Daigaku. |
| 900 | |a ZA | ||
| 999 | |a HD9256 J32ALIA |w LC |c 1 |i A515067577 |d 15/10/2014 |f 15/10/2014 |g 1 |l STACKS |m P01UTAMA |r Y |s Y |t TESIS |u 15/10/2014 | ||
